Conferencia sobre filoxera vastatrix donada á varias poblacions de la provincia en cumpliment d'acort de la Excma. Diputació Provincial / per Joseph Presta
Descripción Física:
43 p. ; 17 cm
MARC
| LEADER | 00000nam a2200000Ia 4500 | ||
|---|---|---|---|
| 001 | 8245 | ||
| 008 | 160829s1880 xx 000 0 cat d | ||
| 080 | |a RF-7-16 | ||
| 100 | |a Presta, Josep |9 24283 | ||
| 245 | |a Conferencia sobre filoxera vastatrix donada á varias poblacions de la provincia en cumpliment d'acort de la Excma. Diputació Provincial / per Joseph Presta | ||
| 260 | |a Barcelona : |b (Casa Caritat), |c 1880 | ||
| 300 | |a 43 p. ; |c 17 cm | ||
| 590 | |a Exposició: Obrim l'Arxiu 2008 | ||
| 650 | |a Vinya |x Malalties i plagues |9 24382 | ||
| 650 | |a Fil·loxera |9 24412 | ||
| 856 | 4 | |u https://media.diba.cat/diba/fitxers/arxiu/fulletons/bib_8245_1880_baixa.pdf |y Accés lliure | |
| 856 | 4 | |u https://media.diba.cat/diba/fitxers/arxiu/fulletons/bib_8245_1880_baixa.pdf |y Accés lliure | |
| 901 | |a Arxiu | ||
| 942 | |n 1 |2 udc | ||
| 952 | |0 0 |1 0 |4 0 |6 RF716 |7 1 |9 48304 |a Arxiu |b Arxiu |d 2016-12-01 |l 0 |o RF-7-16 |p 8245 |r 2016-12-01 00:00:00 |w 2016-12-01 |y ARXIU | ||
| 999 | |c 52110 |d 52110 | ||
| 900 | |a bib_8245_1880_baixa.pdf | ||